Great Modern British Plays / (Record no. 186823)
[ view plain ]
| 000 -LEADER | |
|---|---|
| fixed length control field | 00931 a2200169 4500 |
| 003 - CONTROL NUMBER IDENTIFIER | |
| control field | Nust |
| 005 - DATE AND TIME OF LATEST TRANSACTION | |
| control field | 20230120182450.0 |
| 040 ## - CATALOGING SOURCE | |
| Transcribing agency | Nust |
| 082 ## - DEWEY DECIMAL CLASSIFICATION NUMBER | |
| Classification number | 808.82,GRE |
| 100 ## - MAIN ENTRY--PERSONAL NAME | |
| Personal name | Marriot, J W |
| 9 (RLIN) | 107299 |
| 245 ## - TITLE STATEMENT | |
| Title | Great Modern British Plays / |
| Statement of responsibility, etc. | J.W Marriott |
| 260 ## - PUBLICATION, DISTRIBUTION, ETC. | |
| Place of publication, distribution, etc. | London |
| Name of publisher, distributor, etc. | George .G. |
| 300 ## - PHYSICAL DESCRIPTION | |
| Extent | 1078 :p |
| 505 ## - FORMATTED CONTENTS NOTE | |
| Formatted contents note | Milestones (Page-15), Caste (Page-77), Trelawny of the Wells (Page-129), The Liars (Page-203), Pygmalion and Galatea (Page-267), The Virgin Goddess (Page-309), The Walls of Jericho (Page-363), Hobson’s Choice (Page-421), The Return of the Prodigal (Page-481), The New Morality (Page-533), The Circle (Page-585), A bill of Divorcement (Page-645), At Mrs Beam’s (Page-697), The Man with a Load of Mischief (Page-761), The White Chateau (Page-807), The Like of Her (Page-859), The Young Idea (Page-903), Strife (Page-959), Outward Bound (Page-1015). |
| 650 ## - SUBJECT ADDED ENTRY--TOPICAL TERM | |
| Topical term or geographic name entry element | Drama |
| 9 (RLIN) | 107300 |
| 942 ## - ADDED ENTRY ELEMENTS (KOHA) | |
| Source of classification or shelving scheme | |
| Koha item type | Book |
| Withdrawn status | Lost status | Source of classification or shelving scheme | Damaged status | Not for loan | Permanent Location | Current Location | Shelving location | Date acquired | Full call number | Barcode | Date last seen | Price effective from | Koha item type | Public note |
|---|---|---|---|---|---|---|---|---|---|---|---|---|---|---|
| Military College of Signals (MCS) | Military College of Signals (MCS) | General Stacks | 12/12/2016 | 808.82,GRE | MCS29611 | 12/08/2016 | 12/12/2016 | Book | Almirah No.56, Shelf No.3 |
